Modern Family Quotes - Statistics

General Stats
  • This quiz has been taken 1,049 times
  • The average score is 19 of 22
Answer Stats
Hint Answer % Correct
“I’m gonna share that one with my next husband when we’re spending your money.” Gloria
95%
“When life gives you lemonade, make lemons. Life will be all like, ‘What?!’” Phil
95%
“Look at them: A minute ago they were babies, and now they’re driving, and soon we’ll all be dead.” Claire
92%
“I shouldn’t be penalized for being too smart, I’m not running for president.” Alex
91%
“You want to hear the guest list for the night? So far it’s anger, betrayal, terror, and sadness. Congratulations Mitchell, you packed the house!” Cameron
90%
“In Legally Blonde, Elle won her case because she was true to herself and dressed cute.” Haley
90%
“Dad, we can always find cool stuff to do. Even if you’re old and in a wheelchair, I’ll take you to the mall and push you as fast as you wanna go. And I’ll take you to the top of a huge hill and just let go.” Luke
89%
“What could be more natural than your mother’s tongue in your ear?” Gloria
88%
“Success is one percent inspiration, 98 percent perspiration, and two percent attention to detail.” Phil
87%
“I would love to be wrong, but I don’t live with the right people for that.” Claire
86%
“Books? Wake up and smell the Internet, grandma.” Luke
86%
“When you’re married to me you’re going to be yelled at many times.” Gloria
85%
“No one wants to think at graduation! It’s graduation, the time when we celebrate being done with thinking.” Haley
85%
“There’s a fish in nature that swims around with its babies in its mouth. That fish would look at Mitchell’s relationship with his mother and say, ‘That’s messed up.’” Cameron
84%
“What kind of man writes poetry on a computer?” Manny
83%
“With great hotness comes great responsibility.” Haley
81%
“It can be challenging finding playmates for an exceptional child. I don’t mean to brag, but that’s why I didn’t have any friends.” Mitchell
81%
“Everything I touch turns to detention.” Haley
80%
“Well, technically this is your fault because we were afraid our marriage was getting as boring as yours.” Cameron
77%
“No, see this is exactly why we sweep things under the rug. So, people don’t get hurt.” Jay
77%
“The only time I break a sweat is when we run after the ice cream truck.” Phil
75%
“Well, yeah, until you sweep too much under the rug. Then you have a lumpy rug… creates a tripping hazard… and open yourself up to lawsuits." Phil
72%
No matching quizzes found
Score Distribution
Percent of People with Each Score
Percentile by Number Answered
Your Score History
You have not taken this quiz